Every S2 cars in Forza Horizon 5 - Statistics

General Stats
  • This quiz has been taken 19 times
  • The average score is 17 of 67
Answer Stats
Answer % Correct
2011 Lamborghini Sesto Elemento
70%
2011 Lamborghini Sesto Elemento FE
70%
2011 Bugatti Veyron Super Sport
60%
2013 Ferrari LaFerrari
60%
2013 McLaren P1
60%
2014 Porsche 918 Spyder
60%
2020 Koenigsegg Jesko
60%
2010 Pagani Zonda R
50%
2016 Pagani Huayra BC
50%
2016 Pagani Huayra BC FE
50%
2017 Koenigsegg Agera RS
50%
2018 Bugatti Chiron
50%
2019 Bugatti Divo
50%
2021 Mercedes-AMG ONE
50%
2016 Koenigsegg Regera
40%
2016 NIO EP9
40%
2018 McLaren Senna
40%
2019 Aston Martin Valhalla Concept Car
40%
2019 Zenvo TSR-S
40%
2021 Rimac Nevera
40%
2022 Pagani Huayra R
40%
1998 Mercedes-Benz AMG CLK GTR FE
30%
2005 Ferrari FXX
30%
2008 Koenigsegg CCGT
30%
2010 Ferrari 599XX
30%
2014 Ferrari FXX K
30%
2015 Koenigsegg One:1
30%
2017 Aston Martin Vulcan AMR Pro
30%
2018 Ferrari FXX-K Evo
30%
2018 Lamborghini #63 Squadra Corse Huracan Super Trofeo Evo
30%
2023 Aston Martin Valkyrie
30%
2006 Mosler MT900 GT3
20%
2012 Ferrari 599XX Evolution
20%
2012 Hennessey Venom GT
20%
2013 Lamborghini Veneno
20%
2015 Ultima Evolution Coupe 1020
20%
2017 Ferrari #25 Corse Clienti 488 Challenge
20%
2019 McLaren Speedtail
20%
2019 Rimac Concept Two
20%
2020 Ferrari SF90 Stradale
20%
2021 Hennessey Venom F5
20%
1965 Hoonigan Ford "Hoonicorn" Mustang
10%
1965 Hoonigan GYMKHANA 10 Ford Hoonicorn Mustang
10%
1986 Hoonigan Ford RS200 Evolution
10%
2008 Maserati MC12 Versione Corsa
10%
2010 Mosler MT900S
10%
2011 BMW X5 M FE
10%
2012 Hot Wheels Bad to the Blade
10%
2017 Saleen S7 LM
10%
2018 Apollo Intensa Emozione
10%
2018 Apollo Intensa Emozione FE
10%
2019 Brabham BT62
10%
2019 Porsche #70 Porsche Motorsport 935
10%
2020 Lamborghini Essenza SCV12
10%
2020 Lotus Evija
10%
2020 SIERRA Cars #23 Yokohama ALPHA
10%
2021 McLaren 765LT
10%
2022 Gordon Murray Automotive T.50
10%
1989 Ferrari F40 Competizione
0%
1996 Ferrari F50 GT
0%
2013 Ariel Atom 500 V8
0%
2015 Radical RXC Turbo
0%
2016 Spania GTA Spano
0%
2019 Raesr Tachyon Speed
0%
2020 KTM X-Bow GT2
0%
2022 Porsche Mission R
0%
2024 Czinger 21C
0%
No matching quizzes found
Score Distribution
Percent of People with Each Score
Percentile by Number Answered
Your Score History
You have not taken this quiz